Statystyki dla Największe miasta państw europy

Kliknij tutaj aby rozwiązać quiz!

Ogólne statystyki

  • Ten quiz został rozwiązany 332 razy
  • Średni wynik to 16 z 18

Statystyki odpowiedzi

PAŃSTWONAJWIĘKSZE MIASTO% Poprawnych
NiemcyBerlin
100%
FrancjaParyż
100%
PolskaWarszawa
100%
NorwegiaOslo
99%
DaniaKopenhaga
98%
HolandiaAmsterdam
97%
PortugaliaLizbona
97%
CzechyPraga
97%
SzwecjaSztokholm
96%
ChorwacjaZagrzeb
95%
WęgryBudapeszt
93%
FinlandiaHelsinki
91%
TurcjaStambuł
90%
SłowacjaBratysława
88%
MacedoniaSkopje
76%
MołdawiaKiszyniów
75%
SzwajcariaZurych
63%
San MarinoDogana
3%

Rozkład punktacji

Percentyl według liczby udzielonych odpowiedzi

Procent ludzi z każdym wynikiem

Twoja historia wyników

Nie rozwiązałeś tego quizu